| 000 | 00519nam a2200181 a 4500 | ||
|---|---|---|---|
| 001 | 000035655 | ||
| 005 | 20200930074515.0 | ||
| 008 | 111107s2011 dr a 000 0 spa d | ||
| 020 | _a9789945480009 | ||
| 040 |
_aDO-SdBNP _bspa _cBNPHU |
||
| 100 | 1 |
_aConsuegra, Olga _922610 |
|
| 245 | 1 | 4 |
_aLas claves del éxito : _bcomunicación efectiva / _cOlga Consuegra. |
| 250 | _a2a ed. | ||
| 260 |
_aSanto Domingo : _bEditora Búho, _c2011. |
||
| 300 |
_a242 p. ; _c23 cm. |
||
| 504 | _aBibliografía : p. 241 | ||
| 049 | _aBNPD | ||
| 999 |
_c35146 _d35146 |
||